[Event "NED-ch 1998 sf"]
[Site "Enschede"]
[Date "1998.01.03"]
[Round "1"]
[White "Cifuentes Parada, Roberto"]
[Black "Barendse, Ted"]
[Result "1-0"]
[WhiteElo "2535"]
[BlackElo "2240"]
[PlyCount "45"]
[EventDate "1998.01.03"]
[Source "ChessBase"]
[SourceDate "1998.03.09"]

1. d4 Nf6 2. c4 e6 3. g3 c5 4. Nf3 cxd4 5. Nxd4 Bb4+ 6. Bd2 Be7 7. Nc3 Nc6 8.
Nc2 b6 9. Bg2 Bb7 10. e4 Ne5 11. Qe2 Qc8 12. b3 d6 13. f4 Ned7 14. Rc1 O-O 15.
O-O a6 16. g4 Nb8 17. g5 Nfd7 18. f5 exf5 19. exf5 Re8 20. Bxb7 Qxb7 21. f6 Nc6
22. fxe7 Rxe7 23. Qg2 1-0

[Event "NED-ch 1998 sf"]
[Site "Enschede"]
[Date "1998.01.03"]
[Round "1"]
[White "De Boer, Sybolt"]
[Black "Janssen, Gerard"]
[Result "1-0"]
[WhiteElo "2285"]
[BlackElo "2165"]
[PlyCount "63"]
[EventDate "1998.01.03"]
[Source "ChessBase"]
[SourceDate "1998.03.09"]

1. d4 Nf6 2. c4 c5 3. d5 b5 4. Nf3 b4 5. a3 Na6 6. Nbd2 g6 7. e4 d6 8. e5 dxe5
9. Nxe5 Qd6 10. Ndf3 Bg7 11. Bd3 O-O 12. O-O bxa3 13. Rxa3 Nb4 14. Bb1 Ng4 15.
Nxg4 Bxg4 16. h3 Bc8 17. Ng5 Qc7 18. h4 a5 19. h5 h6 20. hxg6 hxg5 21. Qh5 fxg6
22. Bxg6 Rf6 23. Bxg5 Raa6 24. Bxf6 Rxf6 25. Rg3 Kf8 26. Re1 Qf4 27. Rf3 Qg4
28. d6 Nc6 29. dxe7+ Nxe7 30. Rxe7 Kxe7 31. Qxc5+ Kd8 32. Qxa5+ 1-0

[Event "NED-ch 1998 sf"]
[Site "Enschede"]
[Date "1998.01.03"]
[Round "1"]
[White "Ellenbroek, Ton"]
[Black "Van der Weide, Karel"]
[Result "0-1"]
[WhiteElo "2090"]
[BlackElo "2450"]
[PlyCount "77"]
[EventDate "1998.01.03"]
[Source "ChessBase"]
[SourceDate "1998.03.09"]

1. d4 Nf6 2. Nc3 d5 3. Bf4 e6 4. e3 Be7 5. g4 b6 6. g5 Nfd7 7. Qh5 Ba6 8. Nb5
Bxb5 9. Bxb5 a6 10. Bd3 g6 11. Qh6 Bf8 12. Qh3 Bg7 13. Nf3 c5 14. c3 O-O 15.
O-O Nc6 16. Qg2 Re8 17. h4 b5 18. a3 Qb6 19. Rfd1 a5 20. Bc2 a4 21. e4 cxd4 22.
exd5 exd5 23. Nxd4 Nxd4 24. cxd4 Bxd4 25. Qxd5 Bxf2+ 26. Kh1 Rad8 27. Qf3 Bd4
28. Be4 Ne5 29. Qg3 Qe6 30. Bg2 Ng4 31. Rd2 Bb6 32. Rxd8 Rxd8 33. Re1 Nf2+ 34.
Qxf2 Bxf2 35. Rxe6 fxe6 36. Bc6 Bd4 37. Bxb5 Bxb2 38. Bxa4 Rd4 39. Be8 0-1

[Event "NED-ch 1998 sf"]
[Site "Enschede"]
[Date "1998.01.03"]
[Round "1"]
[White "Hopman, Pieter"]
[Black "Delemarre, Jop"]
[Result "0-1"]
[WhiteElo "2265"]
[BlackElo "2420"]
[PlyCount "70"]
[EventDate "1998.01.03"]
[Source "ChessBase"]
[SourceDate "1998.03.09"]

1. d4 d5 2. Nf3 e6 3. Bf4 c5 4. e3 Nc6 5. c3 Bd6 6. Bg3 f5 7. Nbd2 Nf6 8. Ne5
O-O 9. Nd3 c4 10. Ne5 Bxe5 11. Bxe5 Nxe5 12. dxe5 Nd7 13. Nf3 Nb8 14. Nd4 f4
15. exf4 Rxf4 16. f3 Nc6 17. Nxc6 bxc6 18. g3 Rf7 19. Qe2 Rb8 20. Rd1 Qa5 21.
a3 Rfb7 22. Rd2 Bd7 23. h4 d4 24. Rxd4 Rxb2 25. Qe3 Bc8 26. Be2 c5 27. Rd1 Bb7
28. Bxc4 Rc2 29. O-O Rxc3 30. Bxe6+ Kh8 31. Qg5 Rxf3 32. Bh3 h6 33. Qg6 Qc3 34.
Rxf3 Qxf3 35. Qg4 Qe3+ 0-1

[Event "NED-ch 1998 sf"]
[Site "Enschede"]
[Date "1998.01.03"]
[Round "1"]
[White "Kerkmeester, Heico"]
[Black "Perez Garcia, Hebert"]
[Result "1-0"]
[WhiteElo "2250"]
[BlackElo "2205"]
[PlyCount "157"]
[EventDate "1998.01.03"]
[Source "ChessBase"]
[SourceDate "1998.03.09"]

1. d4 e6 2. Nf3 f5 3. g3 Nf6 4. Bg2 Bb4+ 5. c3 Be7 6. O-O O-O 7. Nbd2 Kh8 8. b3
d5 9. Bb2 Qe8 10. c4 c6 11. Ne5 Nbd7 12. Ndf3 Ne4 13. Nd3 Bd6 14. Qc1 Ndf6 15.
Nfe5 Qh5 16. f3 Ng5 17. Nf4 Qe8 18. Ba3 Bxa3 19. Qxa3 Nd7 20. Nfd3 Nxe5 21.
Nxe5 Nf7 22. Nxf7+ Rxf7 23. e4 Bd7 24. exd5 cxd5 25. cxd5 exd5 26. Rfe1 Qd8 27.
Qc5 Bc6 28. f4 Qd7 29. Rac1 a6 30. Re3 Rd8 31. Rce1 g6 32. Re7 Rxe7 33. Rxe7
Qd6 34. Qxd6 Rxd6 35. Kf2 Bd7 36. Ke3 Re6+ 37. Rxe6 Bxe6 38. Kd2 b5 39. b4 Kg7
40. Ke3 Kf6 41. Kf3 h5 42. Bf1 Bd7 43. Be2 Be8 44. Kg2 Bc6 45. Bf3 Bb7 46. Kh3
Bc6 47. Kh4 Bb7 48. h3 Bc6 49. g4 hxg4 50. hxg4 Bb7 51. gxf5 Kxf5 52. Kg3 Kf6
53. Bg4 g5 54. fxg5+ Kxg5 55. Bh3 Kf6 56. Kf4 Bc6 57. Bc8 Be8 58. Bxa6 Ke6 59.
Bc8+ Kd6 60. Bg4 Bc6 61. Kf5 Bd7+ 62. Kg5 Bc6 63. Kf6 Be8 64. Be2 Bc6 65. Kf7
Bd7 66. Bd1 Bf5 67. Ke8 Bd3 68. Kd8 Bc4 69. a3 Bf1 70. Bg4 Bd3 71. Bd7 Be2 72.
Kc8 Bd3 73. Be8 Ke7 74. Bc6 Ke6 75. Kc7 Bc4 76. Kb6 Kf5 77. Kc5 Ke4 78. a4 bxa4
79. Bxa4 1-0

[Event "NED-ch 1998 sf"]
[Site "Enschede"]
[Date "1998.01.03"]
[Round "1"]
[White "Van Baarle, John"]
[Black "Kamstra, Cor"]
[Result "1-0"]
[WhiteElo "2295"]
[BlackElo "2325"]
[PlyCount "61"]
[EventDate "1998.01.03"]
[Source "ChessBase"]
[SourceDate "1998.03.09"]

1. e4 g6 2. d4 Bg7 3. c4 Nc6 4. Be3 e5 5. Ne2 exd4 6. Nxd4 Qf6 7. Nxc6 bxc6 8.
Nc3 Rb8 9. Rb1 Ne7 10. Be2 O-O 11. O-O a6 12. Qd2 d6 13. c5 d5 14. Bg5 Qe6 15.
Bf3 dxe4 16. Bxe4 Nf5 17. Rfe1 Qc4 18. Rbc1 Qxc5 19. Nd5 Qa7 20. Ne7+ Nxe7 21.
Bxe7 Rxb2 22. Rc2 Rxc2 23. Qxc2 Re8 24. Bxc6 Bf5 25. Qc4 Rc8 26. g4 Bd4 27. Kg2
Bxg4 28. Re4 Bxf2 29. Rxg4 Qe3 30. Re4 Qh6 31. Rf4 1-0

[Event "NED-ch 1998 sf"]
[Site "Enschede"]
[Date "1998.01.03"]
[Round "1"]
[White "Visser, Yge"]
[Black "Kool, Gerard"]
[Result "1-0"]
[WhiteElo "2360"]
[BlackElo "2185"]
[PlyCount "89"]
[EventDate "1998.01.03"]
[Source "ChessBase"]
[SourceDate "1998.03.09"]

1. e4 c5 2. Nf3 e6 3. d3 Nc6 4. g3 d6 5. Bg2 g6 6. O-O Bg7 7. c3 Nf6 8. Nbd2
O-O 9. Re1 Rb8 10. d4 b5 11. dxc5 dxc5 12. Nb3 c4 13. Qxd8 Rxd8 14. Nbd4 Nxd4
15. Nxd4 Bd7 16. Bf4 Rbc8 17. Rad1 Be8 18. e5 Nd5 19. Bg5 Rd7 20. Nxb5 h6 21.
Bc1 Bf8 22. Nd6 Bxd6 23. exd6 Rxd6 24. Bxh6 Rb6 25. Bc1 Bc6 26. Rd4 Bb7 27. Bf1
Rbc6 28. h4 Rc5 29. Re5 Kg7 30. h5 Kf6 31. Ree4 Ne7 32. Rf4+ Nf5 33. hxg6 Rh8
34. Bg2 Re5 35. Bd2 Bxg2 36. Kxg2 Kxg6 37. Rg4+ Kh7 38. Rd7 Rf8 39. Rxc4 a5 40.
Rg4 Rb5 41. b3 Rbb8 42. Bg5 Rb5 43. Rd1 Rc8 44. Rh1+ Kg7 45. Be7# 1-0

[Event "NED-ch 1998 sf"]
[Site "Enschede"]
[Date "1998.01.04"]
[Round "2"]
[White "Delemarre, Jop"]
[Black "De Boer, Sybolt"]
[Result "1-0"]
[WhiteElo "2420"]
[BlackElo "2285"]
[PlyCount "105"]
[EventDate "1998.01.03"]
[Source "ChessBase"]
[SourceDate "1998.03.09"]

1. d4 e6 2. c4 f5 3. Nf3 Nf6 4. g3 d5 5. Bg2 c6 6. O-O Bd6 7. b3 Qe7 8. Ne5 O-O
9. Nd2 Nbd7 10. Ndf3 Ne4 11. Qc2 Nxe5 12. Nxe5 Bd7 13. f3 Nf6 14. Bb2 Be8 15.
e3 Nd7 16. Nd3 Kh8 17. Rfe1 dxc4 18. bxc4 e5 19. f4 e4 20. Ne5 Nf6 21. Rab1 b5
22. Bf1 bxc4 23. Qxc4 Nd5 24. Nxc6 Bxc6 25. Qxc6 Nb4 26. Qa4 Rfc8 27. Ba3 a5
28. Rec1 Nd5 29. Bxd6 Qxd6 30. Rxc8+ Rxc8 31. Rc1 Rb8 32. Qxa5 Nxe3 33. Qc3
Nxf1 34. Qc8+ Qf8 35. Qxf8+ Rxf8 36. Kxf1 Kg8 37. Rc5 Rd8 38. d5 Kf7 39. a4 Rb8
40. Rb5 Rc8 41. a5 Rc1+ 42. Kf2 Ra1 43. Rb7+ Kg6 44. Rb6+ Kh5 45. a6 Kg4 46.
h3+ Kxh3 47. d6 Ra2+ 48. Ke1 Ra1+ 49. Kd2 Ra3 50. Kc2 e3 51. d7 e2 52. Rb1 Ra2+
53. Kd3 1-0

[Event "NED-ch 1998 sf"]
[Site "Enschede"]
[Date "1998.01.04"]
[Round "2"]
[White "Ernst, Sipke"]
[Black "Hendriks, Willy"]
[Result "1-0"]
[WhiteElo "2300"]
[BlackElo "2345"]
[PlyCount "62"]
[EventDate "1998.01.03"]
[Source "ChessBase"]
[SourceDate "1998.03.09"]

1. d4 Nf6 2. Nf3 g6 3. g3 Bg7 4. Bg2 O-O 5. O-O d6 6. b3 c5 7. Bb2 cxd4 8. Nxd4
Qa5 9. c4 Nbd7 10. Nc3 Ne5 11. Qd2 Rb8 12. Rfd1 Re8 13. Rac1 Bd7 14. h3 Rec8
15. Qe3 Kf8 16. f4 Nc6 17. Nf3 Re8 18. a3 Kg8 19. b4 Qd8 20. Qd2 Rc8 21. e4 Be6
22. Qe2 Nxb4 23. axb4 Bxc4 24. Qf2 Bb3 25. Re1 a6 26. Kh2 Nd7 27. Nd2 Bc4 28.
Nxc4 Rxc4 29. Nd5 Rxc1 30. Rxc1 Bh6 31. Rc7 Nb6 1-0

[Event "NED-ch 1998 sf"]
[Site "Enschede"]
[Date "1998.01.04"]
[Round "2"]
[White "Hartoch, Robert G"]
[Black "Vogel, Jaap"]
[Result "1/2-1/2"]
[WhiteElo "2320"]
[BlackElo "2280"]
[PlyCount "25"]
[EventDate "1998.01.03"]
[Source "ChessBase"]
[SourceDate "1998.03.09"]

1. Nf3 Nf6 2. g3 b5 3. Bg2 Bb7 4. O-O e6 5. b3 Be7 6. Bb2 c5 7. c4 a6 8. Nc3
Qb6 9. cxb5 axb5 10. d4 c4 11. bxc4 bxc4 12. Rb1 Qa5 13. Ba1 1/2-1/2

[Event "NED-ch 1998 sf"]
[Site "Enschede"]
[Date "1998.01.04"]
[Round "2"]
[White "Janssen, Gerard"]
[Black "Perez Garcia, Hebert"]
[Result "1-0"]
[WhiteElo "2165"]
[BlackElo "2205"]
[PlyCount "71"]
[EventDate "1998.01.03"]
[Source "ChessBase"]
[SourceDate "1998.03.09"]

1. c4 e5 2. Nc3 Nc6 3. g3 f5 4. Bg2 Nf6 5. d3 Bb4 6. Bd2 O-O 7. Nd5 Bxd2+ 8.
Qxd2 Nd4 9. e3 Ne6 10. Ne2 d6 11. O-O c6 12. Ndc3 d5 13. cxd5 cxd5 14. Rac1 b6
15. b4 a6 16. f4 e4 17. Rfd1 Bb7 18. dxe4 fxe4 19. Bh3 Qd6 20. Bf5 Qe7 21. Nd4
Nc7 22. Na4 b5 23. Nb6 Rab8 24. Nd7 Nxd7 25. Rxc7 Rfd8 26. Rdc1 g6 27. Bh3 Qd6
28. Qb2 Nf6 29. Ne6 d4 30. Nxd8 Qxd8 31. Rxb7 Rxb7 32. Rc8 Qxc8 33. Bxc8 Rc7
34. Be6+ Kg7 35. Qxd4 h5 36. Qd6 1-0

[Event "NED-ch 1998 sf"]
[Site "Enschede"]
[Date "1998.01.04"]
[Round "2"]
[White "Kamstra, Cor"]
[Black "Plasman, Hans"]
[Result "0-1"]
[WhiteElo "2325"]
[BlackElo "2160"]
[PlyCount "78"]
[EventDate "1998.01.03"]
[Source "ChessBase"]
[SourceDate "1998.03.09"]

1. e4 e5 2. Nc3 Nf6 3. Bc4 Nc6 4. d3 Bb4 5. Nf3 O-O 6. O-O d6 7. Ne2 d5 8. exd5
Nxd5 9. d4 e4 10. Ng5 Na5 11. Bxd5 Qxd5 12. Ng3 Re8 13. Bf4 h6 14. N5xe4 Rxe4
15. Nxe4 Qxe4 16. Bxc7 Nc4 17. c3 Bf8 18. b3 Na3 19. Rc1 b5 20. Re1 Qc6 21. Bg3
Be6 22. Qd3 Rd8 23. Re3 a5 24. Be5 Qa6 25. Rg3 Bd5 26. Qf5 Qe6 27. Qh5 a4 28.
f4 f6 29. f5 Qf7 30. Qh4 axb3 31. axb3 Kh7 32. Rg6 Qd7 33. Bf4 Qxf5 34. Rg4 g5
35. Qh5 Be6 36. h3 gxf4 37. Qh4 Bd6 38. Re1 Nc2 39. Re2 Ne3 0-1

[Event "NED-ch 1998 sf"]
[Site "Enschede"]
[Date "1998.01.04"]
[Round "2"]
[White "Kool, Gerard"]
[Black "Middelburg, Tom"]
[Result "0-1"]
[WhiteElo "2185"]
[BlackElo "2235"]
[PlyCount "100"]
[EventDate "1998.01.03"]
[Source "ChessBase"]
[SourceDate "1998.03.09"]

1. b4 c6 2. Nf3 d6 3. Bb2 e5 4. e3 Bg4 5. Be2 Nd7 6. d3 Ngf6 7. Nbd2 Be7 8. O-O
O-O 9. c4 Re8 10. Qb3 Bf8 11. Ne4 h6 12. Ng3 a6 13. a4 a5 14. b5 Nh5 15. Nxh5
Bxh5 16. Ba3 c5 17. Rae1 f5 18. Nd2 Bxe2 19. Rxe2 Qh4 20. Bb2 Nf6 21. Qd1 Re6
22. f3 Rae8 23. Qe1 Qh5 24. Qf2 g5 25. Rfe1 Bg7 26. Nf1 Qg6 27. d4 e4 28. d5
R6e7 29. Bxf6 exf3 30. gxf3 Bxf6 31. Kh1 Bc3 32. Rd1 f4 33. e4 Qh5 34. Qg2 Rg7
35. h3 Kh8 36. Nh2 Qg6 37. Rd3 Bd4 38. Rdd2 h5 39. Rd1 b6 40. Rf1 Rf8 41. Rc2
Rh7 42. Ra2 Rh6 43. Ra3 Rf7 44. Ra2 Rfh7 45. Re1 g4 46. fxg4 hxg4 47. Qxg4 Qxg4
48. hxg4 f3 49. Rf1 Rh3 50. Raf2 Be5 0-1

[Event "NED-ch 1998 sf"]
[Site "Enschede"]
[Date "1998.01.04"]
[Round "2"]
[White "Kroeze, Frank"]
[Black "Ellenbroek, Ton"]
[Result "1-0"]
[WhiteElo "2395"]
[BlackElo "2090"]
[PlyCount "51"]
[EventDate "1998.01.03"]
[Source "ChessBase"]
[SourceDate "1998.03.09"]

1. e4 e5 2. Nf3 Nf6 3. d4 Nxe4 4. Bd3 d5 5. Nxe5 Nd7 6. Nc3 Nxe5 7. dxe5 Nxc3
8. bxc3 Bc5 9. O-O Be6 10. Rb1 Qd7 11. Kh1 O-O-O 12. Bg5 f6 13. exf6 Rdf8 14.
Rb5 Bb6 15. a4 gxf6 16. Bh6 Rf7 17. a5 a6 18. axb6 axb5 19. Qe2 Qd6 20. Ra1 Kd7
21. bxc7 Qe5 22. Bxb5+ Ke7 23. Qf3 Rg8 24. Bd3 Bg4 25. Qxg4 Qxc3 26. Qe2+ 1-0

[Event "NED-ch 1998 sf"]
[Site "Enschede"]
[Date "1998.01.04"]
[Round "2"]
[White "Mellegers, Joost"]
[Black "Cifuentes Parada, Roberto"]
[Result "0-1"]
[WhiteElo "2195"]
[BlackElo "2535"]
[PlyCount "61"]
[EventDate "1998.01.03"]
[Source "ChessBase"]
[SourceDate "1998.03.09"]

1. c4 e6 2. Nc3 d5 3. d4 c6 4. Nf3 Nf6 5. Bg5 h6 6. Bh4 dxc4 7. e4 g5 8. Bg3 b5
9. Be2 Bb4 10. Qc2 g4 11. Ne5 Qxd4 12. Nxg4 Nxg4 13. Bxg4 Nd7 14. O-O Bb7 15.
Bh5 Nc5 16. Rfe1 O-O-O 17. Bxf7 Qf6 18. Bh5 Nd3 19. Re3 Rhf8 20. Rf3 Qg5 21.
Rxf8 Bxf8 22. Be2 Nb4 23. Qc1 Qxc1+ 24. Rxc1 Rd2 25. b3 Nxa2 26. Nxa2 Rxe2 27.
Nc3 Rd2 28. bxc4 b4 29. Nb1 Ra2 30. Be5 Bc5 31. Rf1 0-1

[Event "NED-ch 1998 sf"]
[Site "Enschede"]
[Date "1998.01.04"]
[Round "2"]
[White "Van Baarle, John"]
[Black "Visser, Yge"]
[Result "1-0"]
[WhiteElo "2295"]
[BlackElo "2360"]
[PlyCount "107"]
[EventDate "1998.01.03"]
[Source "ChessBase"]
[SourceDate "1998.03.09"]

1. e4 e6 2. d4 d5 3. Nd2 Nf6 4. e5 Nfd7 5. c3 c5 6. Bd3 Nc6 7. Ne2 cxd4 8. cxd4
f6 9. exf6 Nxf6 10. O-O Bd6 11. Nf3 O-O 12. Bg5 Bd7 13. Nc3 Qe8 14. Bh4 Qh5 15.
Ne2 Bxh2+ 16. Kxh2 g5 17. Rh1 gxh4 18. Kg1 e5 19. Rxh4 Qe8 20. dxe5 Nxe5 21.
Nxe5 Qxe5 22. Nd4 Ne4 23. Bxe4 dxe4 24. Qd2 Be8 25. Re1 Bg6 26. Rg4 Kh8 27.
Rxg6 Rad8 28. Re6 Qxd4 29. Qxd4+ Rxd4 30. R6xe4 Rd2 31. R4e2 Rd6 32. Re8 Kg8
33. Rxf8+ Kxf8 34. Re2 Kf7 35. f3 Ra6 36. a3 Rb6 37. Kf2 Rb3 38. Ke1 Kf6 39.
Kd1 h5 40. Kc2 Rb5 41. g4 Rg5 42. gxh5 Rxh5 43. Kd3 Rf5 44. Re3 Rd5+ 45. Kc3
Rd7 46. Re4 Kf5 47. a4 Rh7 48. Kc4 Rh2 49. b4 Rc2+ 50. Kb5 Kf6 51. Rc4 Ra2 52.
a5 Ke5 53. Rc7 a6+ 54. Kb6 1-0

[Event "NED-ch 1998 sf"]
[Site "Enschede"]
[Date "1998.01.04"]
[Round "2"]
[White "Van Haastert, Edwin"]
[Black "Janssen, Ruud"]
[Result "0-1"]
[WhiteElo "2335"]
[BlackElo "2290"]
[PlyCount "150"]
[EventDate "1998.01.03"]
[Source "ChessBase"]
[SourceDate "1998.03.09"]

1. e4 c5 2. Nf3 d6 3. d4 cxd4 4. Nxd4 Nf6 5. Nc3 g6 6. Be3 Bg7 7. f3 Nc6 8. Qd2
O-O 9. O-O-O Nxd4 10. Bxd4 Be6 11. Kb1 Qc7 12. Nd5 Bxd5 13. exd5 Rfc8 14. Rc1
a5 15. g4 a4 16. g5 Nh5 17. Bxg7 Nxg7 18. Bh3 Re8 19. a3 Ra5 20. Rhe1 Rc5 21.
Re4 b5 22. Rce1 Qb7 23. Rd4 Kf8 24. f4 f5 25. Bf1 Rec8 26. c3 Qd7 27. h4 Qe8
28. Re3 Qf7 29. Be2 Ne8 30. h5 Nc7 31. Bf3 Ke8 32. Qd1 Na8 33. Re6 Kd8 34. Qh1
Nc7 35. Re2 Kd7 36. Rh2 Rg8 37. Qd1 Ra8 38. Rh4 Qg7 39. Qh1 Rg8 40. hxg6 hxg6
41. Rh7 Qf8 42. Rd2 Ne8 43. Re2 Rg7 44. Re6 Qf7 45. Rxg7 Qxg7 46. Re1 Nc7 47.
Rd1 Qg8 48. Rd4 Na8 49. Rb4 Nb6 50. Qf1 Nc4 51. Qd3 Qh8 52. Rxb5 Rxb5 53. Qxc4
Qb8 54. Qxa4 Kc7 55. b4 Qb6 56. c4 Qg1+ 57. Bd1 Rb8 58. Qc6+ Kd8 59. Kc2 Rc8
60. Qb5 Qf1 61. Qb6+ Rc7 62. Qb8+ Rc8 63. Qb6+ Ke8 64. c5 Qc4+ 65. Kb1 Qxd5 66.
Qb5+ Kf8 67. Qe2 dxc5 68. b5 c4 69. a4 c3 70. Bc2 Rc4 71. Qh2 Rb4+ 72. Kc1 Kg8
73. Qe2 Qa2 74. Qd3 Qa1+ 75. Bb1 Qb2+ 0-1

[Event "NED-ch 1998 sf"]
[Site "Enschede"]
[Date "1998.01.04"]
[Round "2"]
[White "Van der Weide, Karel"]
[Black "Kerkmeester, Heico"]
[Result "1-0"]
[WhiteElo "2450"]
[BlackElo "2250"]
[PlyCount "119"]
[EventDate "1998.01.03"]
[Source "ChessBase"]
[SourceDate "1998.03.09"]

1. e4 e6 2. d3 d5 3. Nd2 Nf6 4. Ngf3 b6 5. c3 Bb7 6. Qa4+ Qd7 7. Qc2 c5 8. Be2
Nc6 9. O-O Be7 10. Re1 O-O 11. Nf1 a5 12. a4 dxe4 13. dxe4 Rfd8 14. e5 Ne8 15.
Ng3 Ba6 16. Bxa6 Rxa6 17. Qe4 Qd5 18. Qg4 Ra7 19. h4 Rad7 20. h5 f5 21. exf6
Nxf6 22. Qh3 Qb3 23. Bg5 Rd1 24. h6 Rxa1 25. Rxa1 gxh6 26. Bxh6 Rd1+ 27. Rxd1
Qxd1+ 28. Nf1 Qd6 29. Kh1 Nd8 30. Ne3 Nf7 31. Ng5 Nxh6 32. Qxh6 Qf4 33. Qg7+
Kxg7 34. Nxe6+ Kf7 35. Nxf4 Ne4 36. Nd3 Ke6 37. Kg1 Nd2 38. Nf4+ Kd7 39. Nfd5
Bd8 40. f3 Kc6 41. Kf2 c4 42. Nf4 b5 43. Ne6 Bb6 44. axb5+ Kxb5 45. Ke2 Nb3 46.
Nf5 Kc6 47. g4 Nc1+ 48. Kd2 Nd3 49. Nf8 Nxb2 50. Nxh7 a4 51. Kc2 Nd3 52. g5 a3
53. Kb1 Ba5 54. Nd4+ Kd7 55. Nf6+ Ke7 56. Nc6+ Ke6 57. Nxa5 Kf5 58. Ne4 Ne5 59.
Nd2 Kxg5 60. Naxc4 1-0

[Event "NED-ch 1998 sf"]
[Site "Enschede"]
[Date "1998.01.05"]
[Round "3"]
[White "Bark, Eric"]
[Black "Bosboom, Manuel"]
[Result "0-1"]
[WhiteElo "2210"]
[BlackElo "2450"]
[PlyCount "42"]
[EventDate "1998.01.03"]
[Source "ChessBase"]
[SourceDate "1998.03.09"]

1. e4 c5 2. c3 e6 3. d4 d5 4. exd5 exd5 5. Bd3 Nc6 6. Qe2+ Be7 7. dxc5 Nf6 8.
Bg5 O-O 9. Nd2 Re8 10. O-O-O Bg4 11. f3 Bxc5 12. Bxh7+ Kxh7 13. Qd3+ Kg8 14.
fxg4 Ne5 15. Qf5 Nexg4 16. Ngf3 Nf2 17. Bxf6 Qxf6 18. Qxd5 Rad8 19. Qxb7 Rb8
20. Qd5 Red8 21. Ne4 Qf4+ 0-1

[Event "NED-ch 1998 sf"]
[Site "Enschede"]
[Date "1998.01.05"]
[Round "3"]
[White "De Boer, Sybolt"]
[Black "Middelburg, Tom"]
[Result "1/2-1/2"]
[WhiteElo "2285"]
[BlackElo "2235"]
[PlyCount "91"]
[EventDate "1998.01.03"]
[Source "ChessBase"]
[SourceDate "1998.03.09"]

1. b3 e5 2. Bb2 Nc6 3. e3 d5 4. Bb5 f6 5. Qh5+ g6 6. Qh4 a6 7. Bxc6+ bxc6 8. f4
exf4 9. Nf3 Bg7 10. O-O Nh6 11. Qxf4 O-O 12. Nc3 Nf5 13. Na4 Re8 14. Nd4 Re4
15. Qf2 Nh6 16. Nc5 Re8 17. b4 Bd7 18. Ndb3 Ng4 19. Qg3 Ne5 20. Bd4 Bc8 21. h3
Qd6 22. d3 Ng4 23. Qxd6 cxd6 24. hxg4 dxc5 25. Nxc5 Bxg4 26. Nb3 Rf8 27. a4 h5
28. a5 g5 29. Nc5 Kh7 30. Rf2 h4 31. Raf1 Kg6 32. e4 h3 33. Re1 hxg2 34. Kxg2
Rh8 35. exd5 cxd5 36. Re7 Rh4 37. c3 Bh3+ 38. Kg3 Bc8 39. Ne6 Bxe6 40. Rxe6
Rah8 41. Rfxf6+ Bxf6 42. Rxf6+ Kh5 43. Rxa6 Rf8 44. Rf6 Rxf6 45. Bxf6 Rg4+ 46.
Kh2 1/2-1/2

[Event "NED-ch 1998 sf"]
[Site "Enschede"]
[Date "1998.01.05"]
[Round "3"]
[White "Ellenbroek, Ton"]
[Black "Kool, Gerard"]
[Result "1-0"]
[WhiteElo "2090"]
[BlackElo "2185"]
[PlyCount "85"]
[EventDate "1998.01.03"]
[Source "ChessBase"]
[SourceDate "1998.03.09"]

1. e4 e5 2. Nf3 d6 3. d4 Nf6 4. dxe5 Nxe4 5. Qd5 Nc5 6. Bg5 Be7 7. exd6 Qxd6 8.
Nc3 c6 9. Qxd6 Bxd6 10. O-O-O Bc7 11. Bc4 Ne6 12. Rhe1 h6 13. Bh4 O-O 14. Ne4
b5 15. Bb3 a5 16. a3 Na6 17. Ba2 g5 18. Bg3 Nf4 19. Nd6 Bg4 20. Bxf4 gxf4 21.
Re7 Bh5 22. Nf5 Rad8 23. Rdd7 Rxd7 24. Rxd7 Kh7 25. N3d4 f3 26. g3 Bb6 27. Rd6
Bg6 28. Rxc6 Rb8 29. c3 Nc5 30. Bb1 Nd7 31. Nh4 Ne5 32. Nxg6 Nxc6 33. Ne7+ Kh8
34. Nexc6 Re8 35. Kd2 h5 36. Bd3 b4 37. axb4 axb4 38. Nxb4 h4 39. gxh4 Rg8 40.
Nd5 Bd8 41. Nxf3 Rg2 42. Ke2 Kg7 43. Ne3 1-0

[Event "NED-ch 1998 sf"]
[Site "Enschede"]
[Date "1998.01.05"]
[Round "3"]
[White "Hendriks, Willy"]
[Black "Janssen, Gerard"]
[Result "1-0"]
[WhiteElo "2345"]
[BlackElo "2165"]
[PlyCount "105"]
[EventDate "1998.01.03"]
[Source "ChessBase"]
[SourceDate "1998.03.09"]

1. e4 d6 2. d4 Nf6 3. Nc3 g6 4. Bg5 Bg7 5. Qd2 c6 6. f4 b5 7. a3 O-O 8. Nf3 a6
9. Be2 Nbd7 10. e5 Ne8 11. O-O f6 12. Bh4 Nb6 13. Rad1 Be6 14. Qe1 Qd7 15. Bd3
Nc7 16. Ne4 Ncd5 17. Bg3 Nc4 18. Bxc4 bxc4 19. exd6 exd6 20. Nxd6 Bf5 21. Nxc4
Bxc2 22. Rd2 Rfe8 23. Qc1 Ba4 24. Re1 Bh6 25. Rde2 Rxe2 26. Rxe2 Re8 27. Rxe8+
Qxe8 28. Qe1 Qxe1+ 29. Nxe1 Nxf4 30. Bxf4 Bxf4 31. Nd3 Bh6 32. Kf2 Kf8 33. Nc5
Bb5 34. b3 Bxc4 35. bxc4 a5 36. a4 Ke7 37. Nb3 f5 38. Nxa5 Kd7 39. Nb3 Kc7 40.
Kf3 Kb6 41. Ke2 Bf4 42. h3 h5 43. Kd3 g5 44. a5+ Ka6 45. Nc5+ Kxa5 46. Ne6 Bc1
47. Ng7 g4 48. hxg4 fxg4 49. Nxh5 Bg5 50. Ng3 Kb4 51. Ne4 Bf4 52. Nc5 g3 53.
Ne6 1-0

[Event "NED-ch 1998 sf"]
[Site "Enschede"]
[Date "1998.01.05"]
[Round "3"]
[White "Hopman, Pieter"]
[Black "Kamstra, Cor"]
[Result "1/2-1/2"]
[WhiteElo "2265"]
[BlackElo "2325"]
[PlyCount "84"]
[EventDate "1998.01.03"]
[Source "ChessBase"]
[SourceDate "1998.03.09"]

1. d4 g6 2. c4 Bg7 3. e4 Nc6 4. d5 Nd4 5. Nc3 c5 6. Bd3 e5 7. Nge2 d6 8. O-O
Nh6 9. Nxd4 cxd4 10. Na4 O-O 11. b4 f5 12. c5 Ng4 13. f3 Ne3 14. Bxe3 dxe3 15.
Nb2 f4 16. Rc1 Rf7 17. Nc4 Bf8 18. Qa4 Bd7 19. Qa3 g5 20. cxd6 Qf6 21. Nb6 axb6
22. Qxa8 g4 23. Rc7 gxf3 24. Rxf3 Bg4 25. Rxf7 Qxf7 26. Qd8 Qg7 27. Be2 h6 28.
Qe8 Kh7 29. h3 Bxf3 30. Bxf3 Bxd6 31. Bg4 Qf6 32. a3 Kg7 33. Qd7+ Qe7 34. Qf5
Qc7 35. Bh5 Bf8 36. Kh2 Qd6 37. Qf7+ Kh8 38. Bg4 Qe7 39. Qf5 Kg7 40. Bh5 Qf6
41. Qd7+ Kh8 42. Qe8 Kg7 1/2-1/2

[Event "NED-ch 1998 sf"]
[Site "Enschede"]
[Date "1998.01.05"]
[Round "3"]
[White "Janssen, Ruud"]
[Black "Ernst, Sipke"]
[Result "0-1"]
[WhiteElo "2290"]
[BlackElo "2300"]
[PlyCount "72"]
[EventDate "1998.01.03"]
[Source "ChessBase"]
[SourceDate "1998.03.09"]

1. c4 e5 2. Nc3 d6 3. Nf3 g6 4. d4 exd4 5. Nxd4 Bg7 6. g3 Nf6 7. Bg2 O-O 8. O-O
Re8 9. b3 Nbd7 10. Bb2 a5 11. Qc2 Nc5 12. Rad1 c6 13. e4 Qb6 14. Nde2 a4 15.
bxa4 Ng4 16. Rxd6 Qb4 17. Rfd1 Ne5 18. a3 Qxc4 19. Rd8 Bg4 20. Rxa8 Rxa8 21.
Rd4 Qb3 22. Qxb3 Nxb3 23. Rb4 Nc5 24. Bc1 Ned3 25. Rb1 Nxc1 26. Rxc1 Nxa4 27.
Nxa4 Rxa4 28. f3 Be6 29. Rb1 b5 30. f4 Bc4 31. Bf1 Rxa3 32. e5 Bf8 33. Rd1 Bc5+
34. Kg2 Ra2 35. Kf3 h5 36. f5 g5 0-1

[Event "NED-ch 1998 sf"]
[Site "Enschede"]
[Date "1998.01.05"]
[Round "3"]
[White "Kerkmeester, Heico"]
[Black "Kroeze, Frank"]
[Result "1/2-1/2"]
[WhiteElo "2250"]
[BlackElo "2395"]
[PlyCount "76"]
[EventDate "1998.01.03"]
[Source "ChessBase"]
[SourceDate "1998.03.09"]

1. d4 d5 2. Bg5 f6 3. Bh4 Nh6 4. e3 Nf5 5. Bg3 h5 6. Be2 h4 7. Bh5+ Kd7 8. Bg6
Nxe3 9. fxe3 hxg3 10. Qg4+ e6 11. Nf3 Bd6 12. Nc3 c6 13. O-O-O gxh2 14. e4 Kc7
15. e5 Bb4 16. Qg3 Bxc3 17. bxc3 f5 18. Rxh2 Rxh2 19. Qxh2 Nd7 20. Bxf5 Nb6 21.
Bd3 Bd7 22. Qg3 Qe7 23. Kd2 Na4 24. Rb1 Rh8 25. Qg5 Qxg5+ 26. Nxg5 Rh2 27. Rg1
Rh4 28. Nf3 Rh6 29. c4 dxc4 30. Bxc4 c5 31. c3 Bc6 32. Ng5 Nb6 33. Bd3 Bd5 34.
Be4 cxd4 35. cxd4 Bxa2 36. Rf1 Bd5 37. Rf7+ Kc6 38. Rxg7 Bxe4 1/2-1/2